Statystyki dla Państwa, które pokonały Grecję

Kliknij tutaj aby rozwiązać quiz!

Ogólne statystyki

  • Ten quiz został rozwiązany 54 razy
  • Średni wynik to 12 z 16

Statystyki odpowiedzi

RangaKategoriaPaństwo% Poprawnych
5Większa liczba prawosławnych chrześcijanRosja | Etiopia | Ukraina | Rumunia
96%
3Bardziej wysunięty na południe punkt w Europie kontynentalnej
* uwzględniając terytoria
Hiszpania | Wielka Brytania
92%
5Bardziej wysunięty na wschód członek NATOStany Zjednoczone | Turcja | Norwegia | Rumunia
90%
5Państwo obejmujące najbardziej zaludniony obszar
miejski położony nad Morzem Śródziemnym
Egipt | Hiszpania | Włochy | Algieria
86%
4Państwo zawierające większą wyspę śródziemnomorskąWłochy | Cypr | Francja
84%
4 (t)Państwo, którego flaga ma więcej pasówMalezja | Stany Zjednoczone | Liberia
80%
5Państwo europejskie, którego flaga jest bardziej białaFinlandia | Monako | Polska | Malta
78%
2Państwo europejskie z najbardziej wysuniętą na południe stolicąMalta
78%
12Niższy współczynnik dzietnościSingapur | Tajwan | Korea Południowa |
Bośnia i Hercegowina | Polska |
Rumunia | Słowenia | Andora |
Chorwacja | Słowacja | Japonia
78%
4Bardziej zaludnione państwo, którego nazwa zaczyna się na literę GGhana | Gwatemala | Gwinea
76%
4Większa produkcja oliwy z oliwekHiszpania | Maroko | Turcja
75%
5Państwo europejskie z większą liczbą wysp> 10 km/kwRosja | Dania | Norwegia | Wielka Brytania
75%
9Państwo europejskie o wyższym wskaźniku otyłościMalta | Wielka Brytania | Węgry | Litwa | Czechy | Andora | Irlandia | Bułgaria
69%
4Biedniejsze państwo UE (2020, PPP)Bułgaria | Chorwacja | Rumunia
55%
6Produkujące więcej fig[1]Turcja | Egipt | Maroko | Iran | Algieria
51%
2Wyższy wskaźnik długu publicznego do PKB (2017)Japonia
20%

Rozkład punktacji

Percentyl według liczby udzielonych odpowiedzi

Procent ludzi z każdym wynikiem

Twoja historia wyników

Nie rozwiązałeś tego quizu